Computing with logic : logic programming with Prolog /
Guardado en:
| Autor Principal: | |
|---|---|
| Otros Autores: | |
| Formato: | Libro |
| Idioma: | English |
| Publicado: |
Menlo Park, Calif. :
Benjamin/Cummings Pub. Co.,
c1988.
|
| Materias: | |
| Etiquetas: |
Agregar Etiqueta
Sin Etiquetas, Sea el primero en etiquetar este registro!
|
| LEADER | 00782pam a2200229 a 4500 | ||
|---|---|---|---|
| 001 | DCC.dcic001339 | ||
| 008 | 870808s1988####caua#####b####001#0#eng## | ||
| 005 | 20151130131523.0 | ||
| 245 | 1 | 0 | |a Computing with logic : |b logic programming with Prolog / |c David Maier, David S. Warren. |
| 260 | |a Menlo Park, Calif. : |b Benjamin/Cummings Pub. Co., |c c1988. | ||
| 300 | |a xxi, 535 p. : |b il. ; |c 24 cm. | ||
| 504 | |a Incluye referencias bibliográficas e índice. | ||
| 020 | |a 0805366814 (pbk.) | ||
| 100 | 1 | |a Maier, David, |d 1953- | |
| 700 | 1 | |a Warren, David S. | |
| 082 | 0 | 0 | |a 005.13/3 |2 19 |
| 650 | 0 | |a Prolog (Computer program language) | |
| 650 | 0 | |a Logic programming. | |
| 010 | |a 87023856 | ||
| 040 | |a DLC |c DLC |d DLC | ||
| 050 | 0 | 0 | |a QA76.73.P76 |b M349 1988 |
| 859 | |a DCIC |b BIB. COMPUTACION |p 1795 | ||
